Businesses setting the environmental agenda (Record no. 77984)
[ view plain ]
| 000 -LEADER | |
|---|---|
| fixed length control field | 00900cab a22002055a 4500 |
| 001 - CONTROL NUMBER | |
| control field | L135754 |
| 008 - FIXED-LENGTH DATA ELEMENTS--GENERAL INFORMATION | |
| fixed length control field | 061208s2006 xxk f 000 0 eng d |
| 035 ## - SYSTEM CONTROL NUMBER | |
| System control number | (Sirsi) u135754 |
| 041 0# - LANGUAGE CODE | |
| Language code of text/sound track or separate title | eng |
| 100 1# - MAIN ENTRY--PERSONAL NAME | |
| Personal name | Keeping, Michael |
| 245 00 - TITLE STATEMENT | |
| Title | Businesses setting the environmental agenda |
| 260 ## - PUBLICATION, DISTRIBUTION, ETC. | |
| Date of publication, distribution, etc. | 2006 |
| 490 0# - SERIES STATEMENT | |
| Series statement | Property Forecast |
| Volume/sequential designation | 9(11) November 2006, 2-5(3) |
| 520 ## - SUMMARY, ETC. | |
| Summary, etc. | Discusses how environmental discourses are increasingly seeking solutions within the economic and business environment. Discusses current and future legislation affecting businesses, how businesses should take the initiative in developing sustainable practices, and the implications of current and future legislation on the property sector. |
| 590 ## - LOCAL NOTE (RLIN) | |
| Local note | KA |
| 650 24 - SUBJECT ADDED ENTRY--TOPICAL TERM | |
| Topical term or geographic name entry element | DIRECTIVE 2002/91/EC |
| 651 #4 - SUBJECT ADDED ENTRY--GEOGRAPHIC NAME | |
| Geographic name | United Kingdom |
| Chronological subdivision | |
| 690 ## - LOCAL SUBJECT ADDED ENTRY--TOPICAL TERM (OCLC, RLIN) | |
| Topical term or geographic name as entry element | PROPERTY-PROPERTY DEVELOPMENT-SUSTAINABLE PROPERTY DEVELOPMENT |
| 942 ## - ADDED ENTRY ELEMENTS (KOHA) | |
| Suppress in OPAC | 0 |
| Withdrawn status | Lost status | Source of classification or shelving scheme | Damaged status | Not for loan | Home library | Current library | Shelving location | Date acquired | Total Checkouts | Full call number | Barcode | Date last seen | Copy number | Price effective from | Koha item type |
|---|---|---|---|---|---|---|---|---|---|---|---|---|---|---|---|
| Dewey Decimal Classification | London | London | Journal article | 13/12/2006 | L135754 | 135754-1001 | 06/08/2019 | 1 | 06/08/2019 | Archive |